000 00638nam a2200229Ia 4500
003 OSt
005 20220923211637.0
006 a|||||r|||| 00| 0
007 ta
008 Pun
024 _a38,700
037 _cTextual
040 _aARTS
_cARTS
_bPun
041 _2Pun
_aPun
082 _aO143,1N09x, 153 K0
100 _aਅੰਮ੍ਰਿਤਾ ਪ੍ਰੀਤਮ
245 0 _aਵਾਪਤਸਾਰਵ ਦੇ ਗੀਤ
260 _c1960
650 _aਬਲਗਾਰੀਅਨ ਕਾਵਿ
942 _hO143,1N09x, 153 K0
_cTEXL
_2CC
999 _c301996
_d301996